zpět

Detail výsledku týmu

Patro Pub, Tišnov

Datum a čas kvízu

19.5 Celkem bodů Celkový počet nahraných bodů na tomto kvízu bez doplňovacích otázek.
7. Pořadí na kvízu Konečné umístění týmu na tomto kvízu.

Zaznamenané odpovědi

# Otázka Odpověď Body Výsledky
1. Do pražských ulic vyjela tramv... 0
2. Věznice ve městě Boram na seve... 0
3. Z obrazovek Primy zmizí dva os... 1
4. Tabákový gigant Philip Morris... 1
5. Konec kariéry ohlásil minulý t... 1
6. Toto téma je dalším, které jst... 1
7. Erbenova Kytice obsahuje 13 bá... 1
5. Doplňte zcela přesně jméno z t... 0
5. Jak se jmenoval levicový uměle... 0
10. Jakub Arbes, mladší kolega a p... 1